000 00569nam a2200181Ia 4500
008 100920s9999 xx 000 0 und d
082 _b60119
_a--- थ 93
100 _aसाठे माया.
245 _aचित्रकार.
260 _bबांदोडकर पब्लिशिंग हाऊस, गोवा.
_c1993
300 _a174
_bसाधी
365 _b110
520 _aकादंबरी.
630 _aचित्रकार.
650 _aकादंबरी.
730 _aचित्रकार.
942 _cBOOK
999 _c703429
_d703426